Countries by Hints! - Statistics

General Stats
  • This quiz has been taken 114 times
  • The average score is 27 of 36
Answer Stats
Hint Answer % Correct
The biggest country in the world. Russia
99%
Has a maple leaf on it's flag. Canada
97%
Has the largest population in the world. China
97%
Great pyramids and ancient history here. Egypt
94%
Eiffel Tower and the City of Love. France
93%
Is it a island or continent? Australia
92%
Country shaped like a boot with food like Pizza and Pasta. Italy
91%
Country consisting of islands off the coast of the Koreas, China, and Russia. Japan
90%
Land of the free. United States of America
90%
The smallest country in the world. Vatican City
90%
Borders Norway and Finland and is connected to Denmark, famous soccer/football player Zlatan Ibrahimovic was born here. Sweden
86%
Tall South American country with arguably the best soccer/football player in the world. Argentina
85%
Very tall and skinny on the west coast of South America. Chile
85%
Has the same name as a USA state. Georgia
84%
Completely surrounded by South Africa Lesotho
84%
China built a wall to protect themselves from this country. Mongolia
82%
Young landlocked country in Africa that gained it's independence form it's northern counterpart in 2011. South Sudan
82%
Island consisting of 4 "countries." United Kingdom
82%
The worlds fastest man was born here. Jamaica
79%
Country consisting of over 7,000 islands in Southeast Asia. Philippines
78%
Country often considered paradise, is off the coast of Florida. The Bahamas
78%
Very small island country in the Persian Gulf off the coast of Saudi Arabia, has a flag similar to Qatar. Bahrain
76%
Large South American country with a red and white striped flag. Peru
76%
2nd largest country which spans 2 continents, starts with the letter K. Kazakhstan
72%
Western Asia country next to the Mediterranean Sea with a flag very similar to the Austrian flag but has a Cedar in the middle. Lebanon
71%
A common name that starts with J. Jordan
70%
Only landlocked country in Southeast Asia. Laos
70%
Landlocked country in Asia with a conflict that involved many countries like the US and the UK. Afghanistan
68%
Flag has a large religious temple on it. Cambodia
62%
Flag is red on top, blue in the middle, yellow on the bottom, the first 3 letters make up a body part. Armenia
61%
African country just south of the Equator with a blue, yellow, and green striped flag, in the African Great Lakes Region. Rwanda
54%
Landlocked European country which gained it's independence in 1990. Belarus
49%
Near the middle of Africa and is a type of transportation. Central African Republic
49%
Southern African Country with a very interesting flag. Swaziland
47%
Has the same name as a bird. Turkey
43%
Twin-island nation between the Caribbean Sea and the Atlantic Ocean. Antigua and Barbuda
40%
No matching quizzes found
Score Distribution
Percent of People with Each Score
Percentile by Number Answered
Your Score History
You have not taken this quiz